000 00765nam a2200229 a 4500
001 BRCA_828
005 20190320203152.0
008 900919s1988 ve-a---##b---#001-0#spa-#
020 _a9803000845
040 _aDLC
_cDLC
050 4 _aNK7141.A1
_b.D83 1988
100 1 _aDuarte, Carlos F.
_92686
245 1 0 _aEl arte de la platería en Venezuela
_bperíodo hispánico
_cCarlos F. Duarte.
260 _aCaracas, Venezuela
_bFundación Pampero
_c1988
300 _a438 p.
_bil. (algunas a color)
_c33 cm.
500 _aIncluye índice onomástico
504 _aBibliografía : p. 396-397
650 1 4 _aTrabajos en plata colonial
_zVenezuela
_92754
650 1 4 _aTrabajos en plata
_zVenezuela
_92755
650 1 4 _aPlatería religiosa
_zVenezuela
_92756
942 _2lcc
_cB
999 _c723
_d723